Virágnak virága... zenés irodalmi est /

Elmentve itt :
Bibliográfiai részletek
Szerző: Ökrös László
Dokumentumtípus: Cikk
Megjelent: 1969-10-01
Sorozat:Délmagyarország 59 No. 227
Kulcsszavak:Bartók Béla Művelődési Központ, Irodalmi élet Szeged 1969
Online Access:http://dmarchiv.bibl.u-szeged.hu/72877
LEADER 00518nab a2200157 i 4500
001 delm72877
005 20180928082601.0
008 180928s1969 hu o 0|| hun d
040 |a SZTE Délmagyarország Archívum  |b hun 
041 |a hun 
100 1 |a Ökrös László 
245 1 0 |a Virágnak virága...   |h [elektronikus dokumentum] :  |b zenés irodalmi est /  |c  Ökrös László 
260 |c 1969-10-01 
300 |a 5 
490 0 |a Délmagyarország  |v 59 No. 227 
695 |a Bartók Béla Művelődési Központ, Irodalmi élet Szeged 1969